| 000 | 00866cab a2200217 4500 | ||
|---|---|---|---|
| 001 | X87572 | ||
| 008 | 090401t1997 xxu||||| |||| 00| 0 eng d | ||
| 035 | _a(Sirsi) u81961 | ||
| 041 | _aeng | ||
| 245 | _aLondon Borough of Newham v Phillips | ||
| 260 | _c1997 | ||
| 350 | _a0 | ||
| 490 |
_aNew Property Cases _v[1997] NPC 149 |
||
| 520 | _aCA 30 October 1997. A BC fails to construct a joint tenancy out of a single secure tenancy and is thus unable to take advantage of the rule that one tenant may terminate the tenancy by notice. It is also unable to rely on representation or conduct to reach the same result through estoppel. (Headnote). NO PHOTOCOPYING ALLOWED. | ||
| 650 | _aESTOPPEL | ||
| 650 | _aJOINT TENANCIES | ||
| 650 | _aSECURE TENANCIES | ||
| 690 | _aLANDLORD AND TENANT-CASE LAW-RESIDENTIAL TENANCIES | ||
| 942 | _n0 | ||
| 948 | _c07/11/1997 | ||
| 999 |
_c51686 _d51686 |
||